| 000 | 01145nam a2200229 a 4500 | ||
|---|---|---|---|
| 001 | 001132806 | ||
| 003 | AM-YEHGA | ||
| 005 | 20250618075435.0 | ||
| 008 | 160302s2013 ai ||||fr||||||00|0|arm|d | ||
| 040 | _aAM-YeHGA | ||
| 041 | 0 | _aarm | |
| 110 | 2 | _aԵրևանի պետական համալսարան | |
| 245 | 1 | 0 |
_aԻրավագիտության ֆակուլտետը 80 տարեկան է / _cԿազմող՝ Ա.Գ.Վաղարշյան; Տ.Ա. Դավթյան; խմբագիր և առաջաբան՝ Գ.Ս. Ղազինյան ; Երևանի պետական համալսարան. |
| 260 |
_aԵրևան : _bԵՊՀ հրատարակչություն, _c2013. |
||
| 300 |
_a100 էջ ; _c20 սմ. |
||
| 610 | 2 | 4 |
_aԵրևանի պետական համալսարան _bԻրավագիտության ֆակուլտետ |
| 650 | 1 | 4 | _aԲարձրագույն ուսումնական հաստատություններ |
| 700 | 1 |
_aՎաղարշյան, Ա.Գ _eկազմող _4com |
|
| 700 | 1 |
_aԴավթյան, Տ.Ա. _eկազմող _4com |
|
| 700 | 1 |
_aՂազինյան, Գագիկ Սերգեյի, _d1955- _eխմբագիր և առաջաբան _4edt _4aui _93303 |
|
| 090 | _c466293 | ||
| 999 |
_c463109 _d463109 |
||